Library Logo

Pioneer International University Library Catalogue

How to take charge of your life / (Record no. 8919)

MARC details
000 -LEADER
fixed length control field 00744pam a2200253 i 4500
001 - CONTROL NUMBER
control field 2708745
003 - CONTROL NUMBER IDENTIFIER
control field OSt
005 - DATE AND TIME OF LATEST TRANSACTION
control field 20250901165749.0
008 - FIXED-LENGTH DATA ELEMENTS--GENERAL INFORMATION
fixed length control field 770210s1977 nyu 000 0 eng
010 ## - LIBRARY OF CONGRESS CONTROL NUMBER
LC control number 76055147
020 ## - INTERNATIONAL STANDARD BOOK NUMBER
International Standard Book Number 0151421927 :
Terms of availability $5.95
040 ## - CATALOGING SOURCE
Original cataloging agency DLC
Transcribing agency DLC
Modifying agency DLC
050 00 - LIBRARY OF CONGRESS CALL NUMBER
Classification number BF 637 .S8 N4541977
Item number N454
082 00 - DEWEY DECIMAL CLASSIFICATION NUMBER
Classification number 158/.1
100 1# - MAIN ENTRY--PERSONAL NAME
Personal name Newman, Mildred,
Dates associated with a name 1920-
245 10 - TITLE STATEMENT
Title How to take charge of your life /
Statement of responsibility, etc. Mildred Newman and Bernard Berkowitz.
250 ## - EDITION STATEMENT
Edition statement 1st ed.
260 ## - PUBLICATION, DISTRIBUTION, ETC.
Place of publication, distribution, etc. New York :
Name of publisher, distributor, etc. Harcourt Brace Jovanovich,
Date of publication, distribution, etc. c1977.
300 ## - PHYSICAL DESCRIPTION
Extent 112 p. ;
Dimensions 21 cm.
650 #0 - SUBJECT ADDED ENTRY--TOPICAL TERM
Topical term or geographic name entry element Success.
700 1# - ADDED ENTRY--PERSONAL NAME
Personal name Berkowitz, Bernard,
Dates associated with a name 1909-
Relator term joint author.
906 ## - LOCAL DATA ELEMENT F, LDF (RLIN)
a 7
b cbc
c orignew
d 1
e ocip
f 19
g y-gencatlg
942 ## - ADDED ENTRY ELEMENTS (KOHA)
Source of classification or shelving scheme Library of Congress Classification
Koha item type Books
Holdings
Withdrawn status Lost status Source of classification or shelving scheme Damaged status Not for loan Home library Current library Shelving location Date acquired Total checkouts Full call number Barcode Date last seen Price effective from Koha item type
    Library of Congress Classification     Main Library Main Library   10/15/2024   BF 637 .S8 N4541977 PIU0010368 10/15/2024 10/15/2024 Books